| 000 | 00549nam a22001937a 4500 | ||
|---|---|---|---|
| 999 |
_c1890 _d1890 |
||
| 003 | URS | ||
| 005 | 20220114141908.0 | ||
| 008 | 190523s2003 ph a|||| |||| 00| 0 eng d | ||
| 020 | _a9714203473 | ||
| 040 |
_cURS _beng _drda |
||
| 050 | 1 | 4 |
_aPE 1112 _b.A872 2003 |
| 100 | _aAtienza, Leticia P. | ||
| 245 | 1 | 0 |
_aBasic communication and thinking skills _cLeticia P. Atienza |
| 260 |
_aBulacan: _bTrinitas Publishing, _c[2003] |
||
| 300 |
_a274 pages _bwith illustrations _c28 cm |
||
| 504 | _aIncludes index. | ||
| 650 | _aCommunication | ||
| 942 |
_2lcc _cF |
||